Personnages de Bambi (1 & 2) - Statistiques

Statistiques générales
  • Ce quiz a été pris 36 fois
    8 depuis la dernière actualisation
  • Le résultat moyen est 5 sur 12
Statistiques - réponses
Personnages % Correct
Bambi
100%
Fleur
100%
Panpan
100%
Féline
67%
le Grand Prince de la forêt
50%
Mère De Bambi
33%
Ronno
33%
Maître Hibou
17%
Tante Ena
17%
Les Chasseurs
0%
Mina
0%
Miss Bunny
0%
Aucun quiz correspondant
Distribution des résultats
% des personnes avec chaque résultat
Percentile par nombre de réponses
Votre historique - résultats
Vous n’avez pas pris ce quiz depuis la dernière actualisation